LEADER 01445nam0 22003493i 450 001 RAV0001508 005 20251003044318.0 010 $a8814006202 100 $a20151109d1985 ||||0itac50 ba 101 | $aita 102 $ait 181 1$6z01$ai $bxxxe 182 1$6z01$an 200 1 $aPubblico e privato nella dinamica delle istituzioni$fFranco Piga 210 $aMilano$cGiuffre$d1985 215 $aXV, 678 p.$d25 cm. 606 $aDiritto costituzionale$2FIR$3CFIC000969$9E 676 $a342.45$9DIRITTO COSTITUZIONALE E AMMINISTRATIVO. ITALIA$v12 676 $a342.45$9DIRITTO COSTITUZIONALE E AMMINISTRATIVO. ITALIA$v20 676 $a342.4506$9POTERE ESECUTIVO DELLO STATO. ITALIA$v19 676 $a351$9AMMINISTRAZIONE PUBBLICA$v14 700 1$aPiga$b, Franco$3RAVV001046$4070$0231860 801 3$aIT$bIT-000000$c20151109 850 $aIT-BN0095 $aIT-AV0007 901 $bNAP 01$cD $n$ 901 $bNAP 01$cGUERRAZZI $n$ 901 $bNAP AV$cMANCINO $n$ 912 $aRAV0001508 950 0$aBiblioteca Centralizzata di Ateneo$d 01D (AR) 10 640$e 01AR 0700106405 VMA 1 v.$fY $h20160629$i20160629$c1 v.$d 01GUERRAZZI C 0319$e 0101 0000109745 VMA 1 v.$fA $h20091214$i20091214 977 $a 01$a AV 996 $aPubblico e privato nella dinamica delle istituzioni$9197891 997 $aUNISANNIO